10 Minute Guide to the Mac

Bibliographic Details
Main Author: Poland, Stephen R.
Format: Book
Language:English
Published: Indiana : SAMS , 1991
Subjects:

MARC

LEADER 00000cam a2200000 7i4500
001 0000003505
005 20230523.0
008 991203 ilu eng
020 |a 067230063x (pbk) 
040 |a INS 
090 0 0 |a QA76.8.M3   |b .P64 1991 
100 1 |a Poland, Stephen R. 
245 1 0 |a 10 Minute Guide to the Mac   |c Stephen R. Poland 
260 |a Indiana :   |b SAMS ,   |c 1991 
300 |a xiii, 150 p. :   |b ill. ;   |c 22 cm. 
500 |a Includes index 
650 0 |a Macintosh (Computer) 
999 |a 0000005106   |b BOOK   |c Open Shelf   |e Default branch